[Event "Benidorm - Aficionados sub-2300 2014"]
[Site "Benidorm ESP"]
[Date "2014.12.07"]
[Round "10.5"]
[White "Fernandez Rubio, Rafael"]
[Black "Sanchez Jerez, Emilio Miguel"]
[Result "0-1"]
[WhiteElo "2029"]
[BlackElo "2258"]
[PlyCount "66"]
[EventDate "2014.11.28"]
[EventType "swiss"]
[EventRounds "10"]
[EventCountry "ESP"]
[SourceTitle "Ajedrez en Madrid"]
[Source "lmi"]
[SourceDate "2014.11.28"]

1. c4 Nf6 2. Nc3 g6 3. g3 Bg7 4. Bg2 O-O 5. d4 d6 6. e4 Nc6 7. Nge2 e5 8. d5
Nd4 9. Nxd4 exd4 10. Ne2 Re8 11. f3 c5 12. dxc6 bxc6 13. O-O d5 14. e5 Rxe5 15.
Nxd4 Qb6 16. Kh1 Ba6 17. f4 Ree8 18. b3 Ne4 19. Be3 Nxg3+ 20. hxg3 Rxe3 21.
Nxc6 Qxc6 22. Bxd5 Qc8 23. f5 Bb7 24. Rc1 Rxg3 25. Qe1 Rg5 26. Qe7 Rh5+ 27. Kg2
Bxd5+ 28. cxd5 Qd8 29. d6 Rg5+ 30. Kh1 Bf8 31. Qb7 Rh5+ 32. Kg1 Qg5+ 33. Kf2
Rh2+ 0-1

[Event "Benidorm - Aficionados sub-2300 2014"]
[Site "Benidorm ESP"]
[Date "2014.12.07"]
[Round "10.6"]
[White "Smirnov, Aleksander"]
[Black "Parligras, Cosmin"]
[Result "1/2-1/2"]
[WhiteElo "2112"]
[BlackElo "2239"]
[PlyCount "49"]
[EventDate "2014.11.28"]
[EventType "swiss"]
[EventRounds "10"]
[EventCountry "ESP"]
[SourceTitle "Ajedrez en Madrid"]
[Source "lmi"]
[SourceDate "2014.11.28"]

1. e4 c5 2. Nf3 d6 3. Bc4 Nc6 4. O-O Nf6 5. d3 g6 6. c3 Bg7 7. Nbd2 O-O 8. Bb3
h6 9. a4 e5 10. Nc4 Be6 11. Re1 b6 12. Bd2 Qd7 13. Bc2 Qc7 14. Ne3 d5 15. c4
dxe4 16. dxe4 Bg4 17. Nd5 Nxd5 18. cxd5 Nd4 19. Be3 Qd6 20. Bd3 f5 21. Bxd4
exd4 22. Qb3 Bxf3 23. gxf3 Qf4 24. d6+ Kh8 25. d7 1/2-1/2

[Event "Benidorm - Aficionados sub-2300 2014"]
[Site "Benidorm ESP"]
[Date "2014.12.07"]
[Round "10.7"]
[White "Serna Lara, Sergio"]
[Black "Nieves Cabanes, Jose Manuel"]
[Result "1-0"]
[WhiteElo "2230"]
[BlackElo "1970"]
[PlyCount "111"]
[EventDate "2014.11.28"]
[EventType "swiss"]
[EventRounds "10"]
[EventCountry "ESP"]
[SourceTitle "Ajedrez en Madrid"]
[Source "lmi"]
[SourceDate "2014.11.28"]

1. d4 Nf6 2. c4 e6 3. Nf3 b6 4. e3 Bb7 5. Bd3 Be7 6. O-O O-O 7. Nc3 d5 8. cxd5
Nxd5 9. Nxd5 Bxd5 10. Qe2 c5 11. dxc5 bxc5 12. Rd1 Qb6 13. e4 Bb7 14. Ne5 Ba6
15. Bxa6 Qxa6 16. Qxa6 Nxa6 17. Nc6 Rfe8 18. Bf4 Bf8 19. Rd7 Nb4 20. Nxb4 cxb4
21. Rc1 Re7 22. Rdc7 Rxc7 23. Rxc7 Rd8 24. Kf1 a5 25. Ke2 a4 26. Rb7 f6 27. Bd2
Rc8 28. Kd3 Rd8+ 29. Kc2 Rc8+ 30. Kb1 Rc4 31. f3 Bd6 32. h3 f5 33. exf5 exf5
34. Ra7 a3 35. b3 Rd4 36. Kc2 Rd5 37. Be3 f4 38. Bd2 Rg5 39. Rd7 Bc5 40. g4
fxg3 41. Bxg5 g2 42. Rd1 Kf7 43. Bd2 g1=Q 44. Rxg1 Bxg1 45. Bxb4 Kf6 46. Bd6
Kf5 47. Kd3 g5 48. Bxa3 h5 49. Bd6 g4 50. fxg4+ hxg4 51. hxg4+ Kxg4 52. Ke4 Kg5
53. a4 Kf6 54. Kd5 Kf7 55. Kc6 Ke8 56. Bc7 1-0

[Event "Benidorm - Aficionados sub-2300 2014"]
[Site "Benidorm ESP"]
[Date "2014.12.07"]
[Round "10.8"]
[White "Diez Fraile, David"]
[Black "Bosque Ortega, Xavier"]
[Result "1/2-1/2"]
[WhiteElo "2147"]
[BlackElo "2214"]
[PlyCount "64"]
[EventDate "2014.11.28"]
[EventType "swiss"]
[EventRounds "10"]
[EventCountry "ESP"]
[SourceTitle "Ajedrez en Madrid"]
[Source "lmi"]
[SourceDate "2014.11.28"]

1. d4 d5 2. c4 c6 3. Nf3 Nf6 4. Nc3 Bf5 5. Qb3 Qb6 6. cxd5 Qxb3 7. axb3 Nxd5 8.
e4 Nxc3 9. exf5 Nd5 10. Bd2 g6 11. fxg6 hxg6 12. b4 Bh6 13. Bxh6 Rxh6 14. b5
Kf8 15. g3 Kg7 16. Be2 cxb5 17. Bxb5 a6 18. O-O Nb6 19. Bd3 N8d7 20. Rfc1 Nd5
21. Ra5 e6 22. Bf1 Rhh8 23. Ne5 N7b6 24. Bg2 Rac8 25. Rac5 Rxc5 26. dxc5 Rc8
27. c6 bxc6 28. Rxc6 Rxc6 29. Nxc6 Na4 30. b3 Nc5 31. Bf1 Nxb3 32. Bxa6 Nc5
1/2-1/2

[Event "Benidorm - Aficionados sub-2300 2014"]
[Site "Benidorm ESP"]
[Date "2014.12.07"]
[Round "10.10"]
[White "Heredia Serrano, Carla"]
[Black "Schmidt, Ralf"]
[Result "1/2-1/2"]
[WhiteElo "2153"]
[BlackElo "2119"]
[PlyCount "31"]
[EventDate "2014.11.28"]
[EventType "swiss"]
[EventRounds "10"]
[EventCountry "ESP"]
[SourceTitle "Ajedrez en Madrid"]
[Source "lmi"]
[SourceDate "2014.11.28"]

1. e4 e6 2. d4 d5 3. Nc3 Bb4 4. Bd3 dxe4 5. Bxe4 Nf6 6. Bf3 O-O 7. Nge2 e5 8.
O-O Bxc3 9. Nxc3 exd4 10. Nb5 c5 11. Bf4 Ne8 12. Re1 Nc6 13. c3 a6 14. Bxc6
bxc6 15. Na3 Be6 16. Qa4 1/2-1/2

[Event "Benidorm - Aficionados sub-2300 2014"]
[Site "Benidorm ESP"]
[Date "2014.12.07"]
[Round "10.13"]
[White "Cano Gimenez, Vicente"]
[Black "Aracil Serra, Javier"]
[Result "1-0"]
[WhiteElo "2265"]
[BlackElo "2174"]
[PlyCount "55"]
[EventDate "2014.11.28"]
[EventType "swiss"]
[EventRounds "10"]
[EventCountry "ESP"]
[SourceTitle "Ajedrez en Madrid"]
[Source "lmi"]
[SourceDate "2014.11.28"]

1. Nf3 d5 2. g3 g6 3. Bg2 Bg7 4. d4 Nf6 5. O-O O-O 6. c4 dxc4 7. Na3 Nc6 8.
Nxc4 Be6 9. b3 a5 10. a4 Bd5 11. Bb2 Nb4 12. Nfe5 Bxg2 13. Kxg2 b6 14. f3 Nd7
15. Nd3 e6 16. Nxb4 axb4 17. Qd2 Qe7 18. e4 Rfd8 19. Rad1 Nb8 20. d5 Bxb2 21.
Qxb2 exd5 22. exd5 Qc5 23. Rfe1 Nd7 24. d6 cxd6 25. Rxd6 Nf8 26. Rxb6 Rd5 27.
Rb5 Qa7 28. Ne5 1-0

[Event "Benidorm - Aficionados sub-2300 2014"]
[Site "Benidorm ESP"]
[Date "2014.12.07"]
[Round "10.17"]
[White "Vilanova Corbi, Jorge"]
[Black "Belousov, Gennadiy"]
[Result "1/2-1/2"]
[WhiteElo "2153"]
[BlackElo "2222"]
[PlyCount "28"]
[EventDate "2014.11.28"]
[EventType "swiss"]
[EventRounds "10"]
[EventCountry "ESP"]
[SourceTitle "Ajedrez en Madrid"]
[Source "lmi"]
[SourceDate "2014.11.28"]

1. d4 d5 2. c4 dxc4 3. e4 e5 4. Nf3 Bb4+ 5. Nc3 exd4 6. Nxd4 Ne7 7. Bxc4 O-O 8.
O-O Nbc6 9. Be3 Nxd4 10. Bxd4 Nc6 11. Be3 Bxc3 12. bxc3 Qxd1 13. Rfxd1 Be6 14.
Be2 Na5 1/2-1/2

[Event "Benidorm - Aficionados sub-2300 2014"]
[Site "Benidorm ESP"]
[Date "2014.12.07"]
[Round "10.18"]
[White "Platel, Alexandre"]
[Black "Jackson, Oliver A"]
[Result "1-0"]
[WhiteElo "2219"]
[BlackElo "2146"]
[PlyCount "57"]
[EventDate "2014.11.28"]
[EventType "swiss"]
[EventRounds "10"]
[EventCountry "ESP"]
[SourceTitle "Ajedrez en Madrid"]
[Source "lmi"]
[SourceDate "2014.11.28"]

1. e4 c5 2. Nf3 e6 3. c3 Nf6 4. Bd3 Nc6 5. Bc2 d5 6. e5 Nd7 7. d4 Be7 8. O-O
O-O 9. Re1 f6 10. exf6 Nxf6 11. Ng5 Qd6 12. Na3 Nd8 13. dxc5 Qxc5 14. Be3 Qc7
15. Nb5 Qd7 16. Qd3 e5 17. Nxh7 e4 18. Nxf8 Bxf8 19. Qe2 Nf7 20. Rad1 a6 21.
Nd4 Ne5 22. Bf4 Bd6 23. Bg3 Qe8 24. f3 Nh5 25. Bb3 Nxg3 26. Bxd5+ Kh8 27. hxg3
Qg6 28. Bxe4 Qxg3 29. Qf2 1-0

[Event "Benidorm - Aficionados sub-2300 2014"]
[Site "Benidorm ESP"]
[Date "2014.12.07"]
[Round "10.19"]
[White "Nieves Cabanes, Javier"]
[Black "Cappon, John"]
[Result "1/2-1/2"]
[WhiteElo "2149"]
[BlackElo "2216"]
[PlyCount "57"]
[EventDate "2014.11.28"]
[EventType "swiss"]
[EventRounds "10"]
[EventCountry "ESP"]
[SourceTitle "Ajedrez en Madrid"]
[Source "lmi"]
[SourceDate "2014.11.28"]

1. e4 c5 2. Nf3 e6 3. d4 cxd4 4. Nxd4 a6 5. Nc3 Qc7 6. Bd3 Nc6 7. Nxc6 dxc6 8.
O-O e5 9. f4 Bc5+ 10. Kh1 Nf6 11. Qf3 Ng4 12. f5 h5 13. Bg5 b5 14. Rae1 Bb7 15.
a4 Qb6 16. Re2 f6 17. Bh4 O-O-O 18. h3 Ne3 19. a5 Qa7 20. Rfe1 Nc4 21. Bxc4
bxc4 22. Na4 Bb4 23. Bf2 c5 24. Nb6+ Kb8 25. Ra1 Bxa5 26. Nxc4 Bc7 27. b4 Rd4
28. Qb3 Rxe4 29. Rd2 1/2-1/2

[Event "Benidorm - Aficionados sub-2300 2014"]
[Site "Benidorm ESP"]
[Date "2014.12.07"]
[Round "10.23"]
[White "Jordan Martinez, David"]
[Black "Pena Riasco, Alexander"]
[Result "1/2-1/2"]
[WhiteElo "2119"]
[BlackElo "2180"]
[PlyCount "55"]
[EventDate "2014.11.28"]
[EventType "swiss"]
[EventRounds "10"]
[EventCountry "ESP"]
[SourceTitle "Ajedrez en Madrid"]
[Source "lmi"]
[SourceDate "2014.11.28"]

1. d4 d5 2. c4 c6 3. cxd5 cxd5 4. Bf4 Nf6 5. e3 Nc6 6. Nc3 e6 7. Bd3 a6 8. Nf3
Nh5 9. Bg5 Be7 10. Bxe7 Qxe7 11. Rc1 f5 12. Ne5 Nxe5 13. Qxh5+ g6 14. Qe2 Nxd3+
15. Qxd3 Bd7 16. Ne2 Bb5 17. Qd2 Bxe2 18. Qxe2 Qb4+ 19. Qd2 Qxd2+ 20. Kxd2 Kd7
21. h4 Rac8 22. Rxc8 Rxc8 23. Rc1 Rc6 24. f4 h5 25. g3 Rxc1 26. Kxc1 Kd6 27.
Kc2 Kc6 28. Kc3 1/2-1/2

[Event "Benidorm - Aficionados sub-2300 2014"]
[Site "Benidorm ESP"]
[Date "2014.12.07"]
[Round "10.24"]
[White "Rodriguez Melendez, Juan Humbe"]
[Black "Longa Yauca, Javier"]
[Result "1/2-1/2"]
[WhiteElo "2142"]
[BlackElo "2284"]
[PlyCount "22"]
[EventDate "2014.11.28"]
[EventType "swiss"]
[EventRounds "10"]
[EventCountry "ESP"]
[SourceTitle "Ajedrez en Madrid"]
[Source "lmi"]
[SourceDate "2014.11.28"]

1. e4 e6 2. d4 d5 3. Nc3 Nf6 4. Bg5 Be7 5. e5 Nfd7 6. Bxe7 Qxe7 7. f4 a6 8. Nf3
c5 9. Qd2 Nc6 10. dxc5 Qxc5 11. Bd3 b5 1/2-1/2

[Event "Benidorm - Aficionados sub-2300 2014"]
[Site "Benidorm ESP"]
[Date "2014.12.07"]
[Round "10.26"]
[White "Lloret Ramis, Juan Jose"]
[Black "Acebal Muniz, Antonio"]
[Result "1/2-1/2"]
[WhiteElo "2248"]
[BlackElo "2127"]
[PlyCount "57"]
[EventDate "2014.11.28"]
[EventType "swiss"]
[EventRounds "10"]
[EventCountry "ESP"]
[SourceTitle "Ajedrez en Madrid"]
[Source "lmi"]
[SourceDate "2014.11.28"]

1. c4 e6 2. Nc3 d5 3. d4 Nf6 4. Nf3 Be7 5. Bf4 O-O 6. e3 c5 7. dxc5 Bxc5 8. Qc2
Nc6 9. a3 Qa5 10. Be2 d4 11. exd4 Nxd4 12. Nxd4 Bxd4 13. O-O Bxc3 14. Qxc3 Qxc3
15. bxc3 Ne4 16. Bf3 f5 17. Rfe1 Nxc3 18. Rac1 Ne4 19. Red1 a5 20. Bxe4 fxe4
21. Bd6 Rf7 22. Rb1 e5 23. Bxe5 Be6 24. c5 Re8 25. Bd4 Rd7 26. Be3 Red8 27.
Rxd7 Rxd7 28. h3 Bd5 29. Rb5 1/2-1/2

[Event "Benidorm - Aficionados sub-2300 2014"]
[Site "Benidorm ESP"]
[Date "2014.12.07"]
[Round "10.28"]
[White "Pozanco Romasanta, Marc"]
[Black "Bendayan Claros, Aaron"]
[Result "1-0"]
[WhiteElo "2038"]
[BlackElo "2233"]
[PlyCount "55"]
[EventDate "2014.11.28"]
[EventType "swiss"]
[EventRounds "10"]
[EventCountry "ESP"]
[SourceTitle "Ajedrez en Madrid"]
[Source "lmi"]
[SourceDate "2014.11.28"]

1. d4 d5 2. c4 c6 3. cxd5 cxd5 4. Nc3 Nf6 5. Bf4 a6 6. e3 Nc6 7. Bd3 e6 8. Rc1
Be7 9. Nf3 O-O 10. O-O b6 11. Qb3 Na5 12. Qc2 Nc4 13. Ne5 b5 14. Nc6 Qd7 15.
Nxe7+ Qxe7 16. a4 Bd7 17. axb5 axb5 18. b3 Na3 19. Qe2 Qb4 20. Be5 Rfc8 21.
Bxf6 gxf6 22. Qg4+ Kf8 23. Nxd5 Qxb3 24. Nxf6 Qxd3 25. Nxd7+ Ke7 26. Ne5 Qf5
27. Qh4+ Ke8 28. e4 1-0

[Event "Benidorm - Aficionados sub-2300 2014"]
[Site "Benidorm ESP"]
[Date "2014.12.07"]
[Round "10.29"]
[White "Parals Marce, Luis"]
[Black "Nicolas Zapata, Irene"]
[Result "0-1"]
[WhiteElo "1972"]
[BlackElo "2202"]
[PlyCount "54"]
[EventDate "2014.11.28"]
[EventType "swiss"]
[EventRounds "10"]
[EventCountry "ESP"]
[SourceTitle "Ajedrez en Madrid"]
[Source "lmi"]
[SourceDate "2014.11.28"]

1. c4 e5 2. g3 Nc6 3. Bg2 Bc5 4. e3 d6 5. Nc3 a6 6. Nge2 Nf6 7. O-O O-O 8. a3
Bf5 9. b4 Ba7 10. d4 Qc8 11. Nd5 Nxd5 12. cxd5 Ne7 13. dxe5 dxe5 14. Bb2 f6 15.
Rc1 Rd8 16. Qb3 Kh8 17. Rfd1 Qd7 18. Kh1 Rac8 19. Nc3 Bh3 20. Na4 Bxg2+ 21.
Kxg2 Qf5 22. Kg1 Qf3 23. Nc5 Bxc5 24. Rxc5 b6 25. Rcc1 Nxd5 26. Qa4 Rd6 27. Rd2
Nxe3 0-1

[Event "Benidorm - Aficionados sub-2300 2014"]
[Site "Benidorm ESP"]
[Date "2014.12.07"]
[Round "10.30"]
[White "Montalban Galvez, Antoni"]
[Black "Riquelme Valero, Manuel Damian"]
[Result "1/2-1/2"]
[WhiteElo "2192"]
[BlackElo "2099"]
[PlyCount "42"]
[EventDate "2014.11.28"]
[EventType "swiss"]
[EventRounds "10"]
[EventCountry "ESP"]
[SourceTitle "Ajedrez en Madrid"]
[Source "lmi"]
[SourceDate "2014.11.28"]

1. Nf3 c5 2. c4 Nf6 3. Nc3 e6 4. e3 Nc6 5. d4 cxd4 6. exd4 d5 7. c5 Ne4 8. Bb5
Bd7 9. O-O Be7 10. Re1 f5 11. Bxc6 bxc6 12. Ne5 O-O 13. f3 Ng5 14. Qe2 Bf6 15.
Bxg5 Bxg5 16. Nxd7 Qxd7 17. Qxe6+ Qxe6 18. Rxe6 Rfc8 19. a3 Kf7 20. Rae1 Bf6
21. Kf1 Bxd4 1/2-1/2

[Event "Benidorm - Aficionados sub-2300 2014"]
[Site "Benidorm ESP"]
[Date "2014.12.07"]
[Round "10.32"]
[White "Prieto Martin, Alfonso"]
[Black "Nunez Reiz, Antonio"]
[Result "1-0"]
[WhiteElo "2182"]
[BlackElo "2094"]
[PlyCount "43"]
[EventDate "2014.11.28"]
[EventType "swiss"]
[EventRounds "10"]
[EventCountry "ESP"]
[SourceTitle "Ajedrez en Madrid"]
[Source "lmi"]
[SourceDate "2014.11.28"]

1. e4 d5 2. exd5 Qxd5 3. Nf3 Nf6 4. d4 Bg4 5. Be2 Nc6 6. c4 Qd6 7. d5 Ne5 8. c5
Qxc5 9. Nxe5 Bxe2 10. Kxe2 O-O-O 11. Nc3 Nxd5 12. Nxd5 Rxd5 13. Nd3 Qc4 14. f3
e6 15. Qb3 Qa6 16. Be3 Be7 17. Rhd1 Rhd8 18. Rac1 Bf6 19. Qc4 Qd6 20. Nf2 Bxb2
21. Bf4 e5 22. Rxd5 1-0

[Event "Benidorm - Aficionados sub-2300 2014"]
[Site "Benidorm ESP"]
[Date "2014.12.07"]
[Round "10.36"]
[White "Torres Sanchez, Jose"]
[Black "Segovia Sanchez, Antonio"]
[Result "1/2-1/2"]
[WhiteElo "2277"]
[BlackElo "2043"]
[PlyCount "25"]
[EventDate "2014.11.28"]
[EventType "swiss"]
[EventRounds "10"]
[EventCountry "ESP"]
[SourceTitle "Ajedrez en Madrid"]
[Source "lmi"]
[SourceDate "2014.11.28"]

1. e4 c6 2. Nc3 g6 3. d4 d5 4. Nf3 Bg7 5. h3 Nh6 6. Bd3 O-O 7. O-O f6 8. Ne2
Nf7 9. Ng3 e5 10. dxe5 fxe5 11. c3 Nd7 12. Bc2 Nf6 13. Re1 1/2-1/2

[Event "Benidorm - Aficionados sub-2300 2014"]
[Site "Benidorm ESP"]
[Date "2014.12.07"]
[Round "10.41"]
[White "Mascarell Canet, Ricardo"]
[Black "Do Santos Julio, Joao Manuel"]
[Result "1-0"]
[WhiteElo "1957"]
[BlackElo "2045"]
[PlyCount "61"]
[EventDate "2014.11.28"]
[EventType "swiss"]
[EventRounds "10"]
[EventCountry "ESP"]
[SourceTitle "Ajedrez en Madrid"]
[Source "lmi"]
[SourceDate "2014.11.28"]

1. Nf3 c5 2. g3 Nc6 3. Bg2 d5 4. O-O h6 5. d3 Nf6 6. Nbd2 Bf5 7. Re1 e6 8. c3
Be7 9. a4 O-O 10. Qb3 b6 11. e4 Bh7 12. h3 Rc8 13. exd5 Nxd5 14. Ne4 Re8 15.
Qd1 Rc7 16. Qe2 Na5 17. Ne5 Nb7 18. Bd2 f5 19. c4 fxe4 20. cxd5 exd5 21. dxe4
Bf6 22. Ng4 Bxb2 23. Ra2 Bd4 24. e5 h5 25. Ne3 Rxe5 26. Bxd5+ Kh8 27. Qf3 Nd6
28. g4 Qf6 29. Qg2 Ne4 30. Bc4 Nxd2 31. Qa8+ 1-0

[Event "Benidorm - Aficionados sub-2300 2014"]
[Site "Benidorm ESP"]
[Date "2014.12.07"]
[Round "10.44"]
[White "Axpe Balenciaga, Inigo"]
[Black "Jensen, Stein"]
[Result "1/2-1/2"]
[WhiteElo "2135"]
[BlackElo "2016"]
[PlyCount "37"]
[EventDate "2014.11.28"]
[EventType "swiss"]
[EventRounds "10"]
[EventCountry "ESP"]
[SourceTitle "Ajedrez en Madrid"]
[Source "lmi"]
[SourceDate "2014.11.28"]

1. d4 c5 2. c3 e6 3. Nf3 Nf6 4. e3 b6 5. Nbd2 Bb7 6. Bd3 d5 7. Ne5 Nbd7 8. f4
g6 9. O-O Bg7 10. Qe2 O-O 11. b3 Ne4 12. Bxe4 dxe4 13. Bb2 f6 14. Nxd7 Qxd7 15.
dxc5 bxc5 16. c4 f5 17. Nb1 Rad8 18. Nc3 Qc7 19. Rad1 1/2-1/2